000 00882nam0a22002411 4500
001 rc\866938
005 20041129093220.5
035 _a(NLR Aleph) 006045825
090 _a4752766
_c4752766
100 _a20041129d1984 u |0rusy50 ca
101 0 _arus
102 _aRU
105 _aa |||||||||
200 1 _aПриключения Саламуры
_aВолшебное платье
_e[Для мл. шк. возраста
_eПеревод]
_fАрчил Сулакаури
_g[Худож. Д. Лолуа]
210 _aТбилиси
_cНакадули
_d1984
215 _a272 с.
_cил.
_d22
300 _aВ вып. дан. авт.: Сулакаури Арчил Самсонович
700 1 _aСулакаури
_bА. С.
_f1927-
_gАрчил Самсонович
801 0 _aRU
_bNLR
_gpsbo
801 1 _aRU
_bELAR
_2rusmarc
852 _aNLR
_j85-5/2412
942 _cBOOK
980 _aNB